000 00730nam a22002057a 4500
005 20210816131920.0
008 210816s1993 pe b|||fr|||| 001 0 spa d
040 _aCENDOC CAAAP
_bspa
_cCAAAP
041 _aspa
050 _aHA 1068.RU
_bP45 1993
245 _aCensos nacionales 1993 :
_bRegión Ucayali primeros resultados del Censo de Población (estadística preliminar)
250 _a1ra ed.
260 _aLima:
_bINEI,
_c1993
300 _a93 p.:
_bmapas, gráficas ;
_c28 cm.
490 _a(Estadística Censal Regional ;
_v1)
505 _aContiene : Análisis de resultados preliminares -- Resumen estadístico regional -- Anexos
650 1 0 _91407
_aCensos
650 2 0 _93296
_aPoblación
942 _2lcc
_b16 - 08 - 21
_cBK
999 _c2201
_d2201